000 00339nam a2200133Ia 4500
008 100328s9999 xx 000 0 und d
082 _b55001
100 _aThomas Vernon
245 _aBed Time Stories From India
260 _bHemkant
630 _aBed Time Stories From India
730 _aBed Time Stories From India
942 _cBOOK
999 _c541702
_d541699